Members of April (Kpop) - Statistics

General Stats
  • This quiz has been taken 43 times
  • The average score is 4 of 6
Answer Stats
Answer % Correct
Naeun
95%
Chaewon
83%
Jinsol
78%
Yena
78%
Somin
56%
Hyunjoo
49%
No matching quizzes found
Score Distribution
Percent of People with Each Score
Percentile by Number Answered
Your Score History
You have not taken this quiz